000 00790nam a2200265Ia 4500
003 OSt
005 20220924115325.0
006 a|||||r|||| 00| 0
007 ta
008 220923b |||||||| |||| 00| 0 urd d
020 _a9789381029206 (hbk)
020 _cINR 300.00
024 _a324168
037 _b4935, 25/02/2017, Kitabi Duniya
_cTextual
040 _aARTS
_cARTS
_burd
041 _2urd
_aurd
082 _aO168,1L35x, Q1
100 _aBano Naima Au.
_9177770
245 0 _aNazeer Akbarabadi aur Hindustani tehzeeb
260 _aDelhi
_bArshia publications India
_c2011
300 _a239p.
_ccm.
650 _aURDU POETRY
942 _hO168,1L35x, Q1
_cTEXL
_2CC
999 _c397829
_d397829